00452 2200181 4500001002100000005001500021008004100036035001900077041000600096082001000102090001600112100002000128245004100148260003100189300002600220500000600246650001800252INLIS00000000000578920241224113152241224||||||||| | ||| |||| ||  0010-1224005789 a00 a741.3 a741.3 TIR d0 aTira Ikranegara00aDongeng Pengantar Tidur : Timin Emas aSurabayabSerba Jayac2008 a64 hlm.; ilus.: 21 cm a1 0aCerita Rakyat